000 00574nam a2200193Ia 4500
005 20250508163338.0
008 008 250505s9999 xx 000 0 eng d
037 _aDissertations
040 _aFEDL
_beng
_cFEDL
041 _aeng
_2eng
084 _a371.2, SHI/DI
_qFEDL
100 _aShiva Das Suiph
_9775172
245 0 _aInvestigation into the administrative problems of higher secondary schools
260 _c1973
300 _a79p.
546 _aM.Ed. Dissertation (Delhi University)
942 _cDIS
_h371.2, SHI/DI
999 _c1382457
_d1382457